Word Ladder: Springsteen Songs Quiz Stats

 Plays Quiz Updated Feb 4, 2019

Support Sporcle.
Go Orange.
Score 0/30 Timer 03:00
0 Plays Today
Clue 4-Letter Word % Correct
♪ ____ to Run ♪ or ♪ ____ in the USA ♪ ♪ BORN ♪
97.4%
♪ The Promised ____♪ LAND ♪
95%
♪ Dancing in the ____♪ DARK ♪
93.9%
♪ Tunnel of ____♪ LOVE ♪
92.5%
Top body partHEAD
91.4%
Animal fatLARD
91.1%
Horse houseBARN
90.9%
Prepare a gunLOAD
90.8%
British titleLORD
90.6%
♪ Glory ____♪ DAYS ♪
89.5%
♪ Long Walk ____♪ HOME ♪
89.5%
Round up cattleHERD
88.8%
Hospital or prison unitWARD
87.8%
Aykroyd, Brown and CastellanetaDANS
87.8%
Like secondhand clothingWORN
86.9%
Clue 4-Letter Word % Correct
♪ Land of ____ and Dreams ♪ ♪ HOPE ♪
86.7%
♪ This ____ Land ♪ ♪ HARD ♪
86.5%
♪ Thunder ____♪ ROAD ♪
86.3%
Unpleasantly moistDANK
85.4%
Pledge - give your ____WORD
85.2%
Lab sound?BARK
85.1%
♪ Rosalita (____ Out Tonight) ♪♪ COME ♪
84.8%
Pool divisionLANE
83.1%
____ d'Ivoire - African countryCOTE
81.8%
Shoreline featureCOVE
80.2%
Bathe or cleanseLAVE
80.1%
Handle adversityCOPE
79.8%
♪ Atlantic ____♪ CITY ♪
77.4%
UnderstoodREAD
77.2%
Make reference toCITE
73.8%

Today's Daily Dose

Missing Word
50 Cent Songs

Word Ladder
Close Gunshot

Quick Pick
Pop Punk Bands

Get the Picture
An 'S' in Disney

From the Vault

Countries of Europe by Subdivisions

by Forgingiron

Decentralization can be important. Like for creating trivia quizzes.
Remove Ads.
Support Sporcle.
Get the best of Sporcle when you Go Orange. This ad-free experience offers more features, more stats, and more fun while also helping to support Sporcle. Thank you for becoming a member.

Show Comments

Extras

Top Quizzes Today


Score Distribution

Your Account Isn't Verified!

In order to create a playlist on Sporcle, you need to verify the email address you used during registration. Go to your Sporcle Settings to finish the process.

Report this User

Report this user for behavior that violates our Community Guidelines.

Details: